000 00875nam a2200217Ia 4500
003 GCL
008 140319s9999 xx 000 0 ara d
020 _a0707201977
040 _aGCL /
_cGCL
082 0 4 _aق
_b953.0962
_bس ا
100 1 _aسميرة فهمى على عمر
245 1 0 _aامارة الحج فى مصر العثمانية 923 - 1213 هـ \ 1517 - 1798 م /
_cسميرة فهمى على عمر
260 _aالقاهرة :
_bالهيئة المصرية العامة للكتاب ،
_c2001
300 _a435 ص ؛
_c22 سم
490 _aتاريخ المصريين
_v201
650 0 4 _aالمسجد الحرام
650 0 4 _aمصر - تاريخ - العصر العثمانى ( 1517-1914 م )
650 0 4 _aالحج - تاريخ - مصر العثمانية
650 0 4 _aالاوقاف - تاريخ - مصر العثمانية
942 _2ddc
_cBK
999 _c56295
_d56295